000 00289nam a22001337a 4500
008 170522b xxu||||| |||| 00| 0 eng d
020 _a3700311184
041 _aeng
080 _a94(4)
100 _a16
101 _aSHH
245 _aTHE SOUND OF AUSTRIA
_cBUNZL , J
942 _2udc
_cBK
999 _c13749
_d13749